The great train robbery files / (Record no. 339680)
[ view plain ]
| 000 -LEADER | |
|---|---|
| fixed length control field | 00727nam a2200277Ia 4500 |
| 008 - FIXED-LENGTH DATA ELEMENTS--GENERAL INFORMATION | |
| fixed length control field | 170711s9999 xx 000 0 und d |
| 020 ## - INTERNATIONAL STANDARD BOOK NUMBER | |
| International Standard Book Number | 9535722463 |
| 050 ## - LIBRARY OF CONGRESS CALL NUMBER | |
| Classification number | 364.1 |
| 050 ## - LIBRARY OF CONGRESS CALL NUMBER | |
| Item number | R462 1999 |
| 100 ## - MAIN ENTRY--PERSONAL NAME | |
| Personal name | Reynolds, Bruce |
| 245 #4 - TITLE STATEMENT | |
| Title | The great train robbery files / |
| 245 ## - TITLE STATEMENT | |
| Statement of responsibility, etc | by Bruce Reynolds, Nick Reynolda and Alan Parker. |
| 260 ## - PUBLICATION, DISTRIBUTION, ETC. (IMPRINT) | |
| Place of publication, distribution, etc | Britain : |
| 260 ## - PUBLICATION, DISTRIBUTION, ETC. (IMPRINT) | |
| Name of publisher, distributor, etc | Abstract Sound, |
| 260 ## - PUBLICATION, DISTRIBUTION, ETC. (IMPRINT) | |
| Date of publication, distribution, etc | 1999 |
| 300 ## - PHYSICAL DESCRIPTION | |
| Extent | 224 pages : |
| 300 ## - PHYSICAL DESCRIPTION | |
| Other physical details | illustrations ; |
| 300 ## - PHYSICAL DESCRIPTION | |
| Dimensions | 29cm. |
| 650 ## - SUBJECT ADDED ENTRY--TOPICAL TERM | |
| Topical term or geographic name as entry element | Train robberies -- |
| 650 ## - SUBJECT ADDED ENTRY--TOPICAL TERM | |
| Topical term or geographic name as entry element | Train robberies -- |
| 650 ## - SUBJECT ADDED ENTRY--TOPICAL TERM | |
| General subdivision | Great Britain. |
| 650 ## - SUBJECT ADDED ENTRY--TOPICAL TERM | |
| General subdivision | Press coverage -- Great Britain. |
| 700 ## - ADDED ENTRY--PERSONAL NAME | |
| Personal name | Parker, Alan. |
| 700 ## - ADDED ENTRY--PERSONAL NAME | |
| Personal name | Reynolds, Nick. |
| 700 ## - ADDED ENTRY--PERSONAL NAME | |
| Personal name | Title. |
No items available.